Adivina la serie por el personaje - Estadísticas

Estadísticas generales
  • Esta prueba ha sido intentada 132 veces
  • La puntuación promedio es 9 de 16
Estadísticas de respuestas
Imagen Respuesta % Correcto
The office
90%
La que se avecina
89%
Vikingos
85%
Stranger things
79%
Peaky Blinders
77%
Historias Corrientes
71%
Juego de tronos
67%
The walking dead
60%
Friends
55%
Los serrano
51%
Breaking Bad
48%
El principe de bel-air
41%
Prison Break
23%
Dexter
21%
Los hombres de Paco
21%
Los soprano
19%
No se encontraron pruebas coincidentes
Distribución de puntuación
Porcentaje de gente con cada puntuación
Porcentaje por número respondido
Historial de tus puntuaciones
No has intentado esta prueba.